The Mediterranean and the mediterranean world in the age of Philip II

Αποθηκεύτηκε σε:
Λεπτομέρειες βιβλιογραφικής εγγραφής
Κύριος συγγραφέας: Braudel, Fernand
Άλλοι συγγραφείς: Reynolds, Sian (Μεταφραστής)
Μορφή: Βιβλίο
Γλώσσα:English
French
Δημοσίευση: Berkeley : University of California Press, 1995.
Θέματα:
Ετικέτες: Προσθήκη ετικέτας
Δεν υπάρχουν, Καταχωρήστε ετικέτα πρώτοι!

MARC

LEADER 00000cam a2200000 i 4500
001 1/87905
008 990804s1995 us | ||| |||| ||eng||
020 |a 0520203089 
035 |l 10052405 
040 |a GR-MY-UA  |b gre  |e aacr 
041 1 |a eng  |h fre 
082 7 |a 909.0982205   |2 (22) 
100 1 |a Braudel, Fernand. 
245 1 4 |a The Mediterranean and the mediterranean world in the age of Philip II /   |c Fernand Braudel ; translated from the french by Sian Reynolds.  
260 |a Berkeley :   |b University of California Press,   |c 1995.  
300 |a ... τ. ;   |c 24 εκ.  
500 |a Τίτλος πρωτοτύπου: Mediterranee et le monde mediteraneen a l'epoque de Philip II.  
650 0 0 |a Human geography  |z Mediterranean Region. 
651 0 |a Mediterranean Region  |x Civilization. 
700 1 |a Reynolds, Sian,  |e trl 
852 |a INST  |b RHODES  |e 19990804  |h 909.0982205 BRA  |p 005400011862  |q 005400011862  |t BK  |y 0  |z v.1 
852 |a INST  |b RHODES  |e 19990804  |h 909.0982205 BRA  |p 005400011862  |q 005400011862  |t BK  |v v.1:  |y 0  |z v.1 
853 |a INST  |b RHODES  |h 909.0982205 BRA 
901 |a BIBL4-1999-2 
909 |a Ρ  |b 066666 
922 |a 4ΕΛΗ  |b 199907  |c ΚΠΣ/124  |d LEADER 
970 |z 1999/08/04  |a ΚΟΥΛΑΚΙΟΤΗ  |b ΛΙΤΣΑ